Top 100 Dog Names *2011 - Statistics

General Stats
  • This quiz has been taken 3,242 times
  • The average score is 18 of 100
Answer Stats
Males % Correct
Max
63%
Jack
53%
Sam
47%
Charlie
42%
Bella
41%
Molly
41%
Lucy
40%
Buddy
39%
Daisy
39%
Lily
34%
Jake
30%
Henry
27%
Rosie
27%
Oliver
26%
Bailey
25%
Emma
25%
Lola
25%
Princess
25%
Chloe
24%
Maggie
24%
Rocky
24%
Duke
23%
Lady
23%
Luna
23%
Sophie
23%
Zoe
23%
Ruby
22%
Sammy
22%
Toby
22%
Holly
21%
Lucky
21%
Luke
21%
Bear
20%
Oscar
20%
Teddy
20%
Buster
19%
Coco
19%
Joey
19%
Milo
19%
Penny
19%
Sadie
19%
Annie
18%
Cooper
18%
Mia
18%
Abby
17%
Katie
17%
Riley
17%
Hunter
16%
Belle
15%
Jackson
15%
Sandy
15%
Cody
14%
Harley
14%
Roxy
14%
Shadow
14%
Stella
14%
Angel
13%
Beau
13%
Ginger
13%
Gracie
13%
Lulu
13%
Zeus
13%
Baxter
12%
Bruno
12%
Honey
12%
Lexi
12%
Lilly
12%
Rusty
12%
Missy
11%
Pepper
11%
Tucker
11%
Winston
11%
Gus
10%
Jasmine
10%
Louie
10%
Sasha
10%
Sparky
10%
Casey
9%
Madison
9%
Rudy
9%
Bentley
8%
Brandy
8%
Murphy
8%
Samantha
8%
Bandit
7%
Dixie
7%
Gizmo
7%
Rocco
7%
Romeo
7%
Zoey
7%
Boomer
6%
Dakota
6%
Heidi
6%
Roxie
6%
Samson
6%
Shelby
6%
Maximus
4%
No matching quizzes found
Score Distribution
Percent of People with Each Score
Percentile by Number Answered
Your Score History
You have not taken this quiz